[Event "33ème Open International d'Avoine"]
[Site "Avoine"]
[Date "2018.07.21"]
[Round "6.2"]
[White "Coiffait, Pierre-Basile"]
[Black "Haub, Thorsten Michael"]
[Result "0-1"]
[WhiteElo "2253"]
[BlackElo "2405"]
[PlyCount "48"]
[EventDate "2018.??.??"]

1. e4 {[%emt 0:00:01]} g6 {[%emt 0:00:05]} 2. d4 {[%emt 0:00:03]} Bg7 {
[%emt 0:00:04]} 3. Nc3 {[%emt 0:00:03]} d6 {[%emt 0:00:09]} 4. f4 {
[%emt 0:00:04]} a6 {[%emt 0:00:31]} 5. Nf3 {[%emt 0:00:09]} e6 {[%emt 0:00:07]}
6. Be3 {[%emt 0:02:08]} Ne7 {[%emt 0:00:15]} 7. Qd2 {[%emt 0:01:45]} Nd7 {
[%emt 0:00:31]} 8. Be2 {[%emt 0:06:30]} b5 {[%emt 0:02:17]} 9. a3 {
[%emt 0:03:21]} f5 {[%emt 0:05:47]} 10. Ng5 {[%emt 0:05:32]} Nf6 {
[%emt 0:02:19]} 11. exf5 {[%emt 0:04:53]} exf5 {[%emt 0:00:52]} 12. d5 {
[%emt 0:03:55]} O-O {[%emt 0:05:36]} 13. O-O {[%emt 0:06:01]} h6 {
[%emt 0:03:33]} 14. Nh3 {[%emt 0:00:53]} Ne4 {[%emt 0:04:41]} 15. Qd3 {
[%emt 0:01:42]} Bb7 {[%emt 0:09:39]} 16. Nxe4 {[%emt 0:16:10]} fxe4 {
[%emt 0:01:11]} 17. Qxe4 {[%emt 0:00:53]} Bxd5 {[%emt 0:04:52]} 18. Qd3 {
[%emt 0:00:27]} Bxb2 {[%emt 0:01:38]} 19. Rae1 {[%emt 0:02:21]} Bg7 {
[%emt 0:04:53]} 20. Qd2 {[%emt 0:03:19]} Bb7 {[%emt 0:02:10]} 21. g4 {
[%emt 0:02:34]} Nd5 {[%emt 0:05:03]} 22. Bf2 {[%emt 0:04:21]} Nf6 {
[%emt 0:01:20]} 23. Bd3 {[%emt 0:05:35]} Qd7 {[%emt 0:01:02]} 24. f5 {
[%emt 0:08:48]} Qc6 {[%emt 0:00:18]} 0-1

[Event "33ème Open International d'Avoine"]
[Site "Avoine"]
[Date "2018.07.21"]
[Round "6.3"]
[White "Lerch, Patrice"]
[Black "Zachary, Matheo"]
[Result "1-0"]
[WhiteElo "2405"]
[BlackElo "2271"]
[PlyCount "51"]
[EventDate "2018.??.??"]

1. Nc3 {[%emt 0:00:02]} c5 {[%emt 0:00:20]} 2. g3 {[%emt 0:00:05]} Nc6 {
[%emt 0:00:57]} 3. Bg2 {[%emt 0:00:05]} g6 {[%emt 0:00:12]} 4. d3 {
[%emt 0:00:35]} Bg7 {[%emt 0:00:21]} 5. f4 {[%emt 0:00:20]} e6 {[%emt 0:04:47]}
6. Bxc6 {[%emt 0:06:27]} dxc6 {[%emt 0:12:21]} 7. Nf3 {[%emt 0:02:13]} c4 {
[%emt 0:12:33]} 8. d4 {[%emt 0:07:06]} b6 {[%emt 0:11:54]} 9. O-O {
[%emt 0:13:42]} Bb7 {[%emt 0:03:21]} 10. Ne5 {[%emt 0:08:58]} Rc8 {
[%emt 0:09:23]} 11. e4 {[%emt 0:15:37]} Ne7 {[%emt 0:05:36]} 12. Be3 {
[%emt 0:03:15]} b5 {[%emt 0:03:29]} 13. b3 {[%emt 0:03:11]} Qa5 {[%emt 0:11:27]
} 14. Qe1 {[%emt 0:02:46]} c5 {[%emt 0:03:12]} 15. dxc5 {[%emt 0:12:06]} Nc6 {
[%emt 0:02:32]} 16. Nxc6 {[%emt 0:02:43]} Bxc6 {[%emt 0:04:48]} 17. e5 {
[%emt 0:00:50]} b4 {[%emt 0:02:42]} 18. Nd1 {[%emt 0:02:53]} Bf8 {
[%emt 0:01:59]} 19. Nb2 {[%emt 0:00:31]} Bb5 {[%emt 0:01:22]} 20. bxc4 {
[%emt 0:06:40]} Ba6 {[%emt 0:00:27]} 21. a3 {[%emt 0:01:29]} Bxc5 {
[%emt 0:00:15]} 22. axb4 {[%emt 0:00:07]} Bxe3+ {[%emt 0:00:03]} 23. Qxe3 {
[%emt 0:00:08]} Qxb4 {[%emt 0:00:03]} 24. Qa3 {[%emt 0:07:48]} Qb6+ {
[%emt 0:09:46]} 25. c5 {[%emt 0:00:05]} Rxc5 {[%emt 0:00:11]} 26. Na4 {
[%emt 0:00:53]} 1-0

[Event "33ème Open International d'Avoine"]
[Site "Avoine"]
[Date "2018.07.21"]
[Round "6.4"]
[White "Degardin, Sylvain"]
[Black "Colin, Vincent"]
[Result "0-1"]
[WhiteElo "2197"]
[BlackElo "2381"]
[PlyCount "84"]
[EventDate "2018.??.??"]

1. e4 c5 2. Nf3 Nc6 3. Nc3 e5 4. Bc4 Be7 5. d3 Nf6 6. Nd2 Na5 7. Nf1 Nxc4 8.
dxc4 d6 9. Ne3 O-O 10. Qf3 Ne8 11. Ncd5 Bg5 12. c3 Bxe3 13. Nxe3 Be6 14. h4 a6
15. a4 b5 16. axb5 axb5 17. Rxa8 Qxa8 18. cxb5 Nf6 19. O-O Nxe4 20. Nf5 Bxf5
21. Qxf5 c4 22. Re1 Nc5 23. Qg4 e4 24. Qg3 d5 25. h5 f5 26. Be3 Nd3 27. Bd4 Rf7
28. Rb1 f4 29. Qg4 Qe8 30. h6 g6 31. Ra1 e3 32. fxe3 fxe3 33. Qe2 Re7 34. Rf1
Re4 35. g3 g5 36. Bg7 Nf2 37. b6 g4 38. Ra1 Qb8 39. Kg2 Qxb6 40. Ra8+ Kf7 41.
Bd4 Qxh6 42. Ra7+ Ke8 0-1

[Event "33ème Open International d'Avoine"]
[Site "Avoine"]
[Date "2018.07.21"]
[Round "6.5"]
[White "Naumkin, Igor"]
[Black "Mazzella, Enzo"]
[Result "1-0"]
[WhiteElo "2379"]
[BlackElo "2273"]
[PlyCount "30"]
[EventDate "2018.??.??"]

1. d4 {[%emt 0:03:01]} Nf6 {[%emt 0:00:05]} 2. c4 {[%emt 0:00:09]} g6 {
[%emt 0:00:07]} 3. Nc3 {[%emt 0:00:11]} d5 {[%emt 0:00:07]} 4. cxd5 {
[%emt 0:00:12]} Nxd5 {[%emt 0:00:05]} 5. e4 {[%emt 0:00:18]} Nxc3 {
[%emt 0:00:06]} 6. bxc3 {[%emt 0:00:06]} Bg7 {[%emt 0:00:04]} 7. Nf3 {
[%emt 0:00:58]} c5 {[%emt 0:00:39]} 8. Rb1 {[%emt 0:00:22]} O-O {[%emt 0:00:43]
} 9. Be2 {[%emt 0:00:37]} cxd4 {[%emt 0:03:23]} 10. cxd4 {[%emt 0:00:06]} Qa5+
{[%emt 0:00:09]} 11. Bd2 {[%emt 0:00:23]} Qxa2 {[%emt 0:00:30]} 12. O-O {
[%emt 0:00:30]} Rd8 {[%emt 0:06:20]} 13. Qc1 {[%emt 0:06:18]} Nc6 {
[%emt 0:17:11]} 14. Bc4 {[%emt 0:02:12]} Qa4 {[%emt 0:00:18]} 15. Ra1 {
[%emt 0:01:23]} Qa2 {[%emt 0:00:51]} 1-0

[Event "33ème Open International d'Avoine"]
[Site "Avoine"]
[Date "2018.07.21"]
[Round "6.6"]
[White "Travadon, Loic"]
[Black "Djidjeli, Sofiane"]
[Result "1-0"]
[WhiteElo "2344"]
[BlackElo "2130"]
[PlyCount "145"]
[EventDate "2018.??.??"]

1. Nf3 {[%emt 0:00:01]} Nf6 {[%emt 0:02:08]} 2. g3 {[%emt 0:00:51]} d5 {
[%emt 0:01:12]} 3. Bg2 {[%emt 0:00:04]} Bg4 {[%emt 0:01:20]} 4. O-O {
[%emt 0:00:43]} Nbd7 {[%emt 0:00:52]} 5. d4 {[%emt 0:00:15]} e6 {[%emt 0:00:36]
} 6. Nbd2 {[%emt 0:00:16]} Bd6 {[%emt 0:00:36]} 7. Re1 {[%emt 0:00:14]} O-O {
[%emt 0:05:31]} 8. e4 {[%emt 0:00:20]} dxe4 {[%emt 0:00:48]} 9. Nxe4 {
[%emt 0:00:02]} Nxe4 {[%emt 0:00:11]} 10. Rxe4 {[%emt 0:00:01]} Nf6 {
[%emt 0:02:14]} 11. Re1 {[%emt 0:02:39]} c5 {[%emt 0:07:57]} 12. dxc5 {
[%emt 0:04:04]} Bxc5 {[%emt 0:01:27]} 13. Qxd8 {[%emt 0:00:12]} Raxd8 {
[%emt 0:00:45]} 14. Ne5 {[%emt 0:00:23]} Bf5 {[%emt 0:00:18]} 15. c3 {
[%emt 0:03:57]} b5 {[%emt 0:24:24]} 16. Bg5 {[%emt 0:07:35]} h6 {[%emt 0:01:04]
} 17. Bf4 {[%emt 0:06:32]} g5 {[%emt 0:05:19]} 18. Bc1 {[%emt 0:00:08]} Kg7 {
[%emt 0:05:27]} 19. b4 {[%emt 0:01:13]} Bb6 {[%emt 0:01:04]} 20. a4 {
[%emt 0:01:00]} bxa4 {[%emt 0:00:39]} 21. Rxa4 {[%emt 0:02:34]} Ng4 {
[%emt 0:02:11]} 22. Nxg4 {[%emt 0:00:40]} Bxg4 {[%emt 0:00:12]} 23. c4 {
[%emt 0:00:47]} Bd4 {[%emt 0:02:54]} 24. Ra3 {[%emt 0:03:44]} Bf5 {
[%emt 0:04:28]} 25. Be3 {[%emt 0:04:14]} Bxe3 {[%emt 0:03:05]} 26. fxe3 {
[%emt 0:04:00]} Rc8 {[%emt 0:04:17]} 27. Bf1 {[%emt 0:03:57]} Rc7 {
[%emt 0:01:24]} 28. Rea1 {[%emt 0:01:31]} Rb8 {[%emt 0:01:01]} 29. b5 {
[%emt 0:02:15]} Rbb7 {[%emt 0:00:11]} 30. Bg2 {[%emt 0:00:13]} Rb6 {
[%emt 0:04:11]} 31. Bc6 {[%emt 0:00:05]} Rbxc6 {[%emt 0:00:36]} 32. bxc6 {
[%emt 0:00:01]} Rxc6 {[%emt 0:00:07]} 33. Rc1 {[%emt 0:00:15]} Rc7 {
[%emt 0:00:19]} 34. c5 {[%emt 0:01:02]} Kf6 {[%emt 0:00:47]} 35. Ra5 {
[%emt 0:01:29]} Be4 {[%emt 0:05:56]} 36. Rc4 {[%emt 0:00:25]} Bd5 {
[%emt 0:00:16]} 37. Rca4 {[%emt 0:00:29]} Ke5 {[%emt 0:04:08]} 38. Rb4 {
[%emt 0:04:19]} f5 {[%emt 0:02:45]} 39. Kf2 {[%emt 0:00:42]} Be4 {
[%emt 0:07:56]} 40. Ke2 {[%emt 0:00:58]} h5 {[%emt 0:01:13]} 41. Rb8 {
[%emt 0:00:27]} h4 {[%emt 0:00:27]} 42. gxh4 {[%emt 0:01:48]} gxh4 {
[%emt 0:00:18]} 43. Rh8 {[%emt 0:00:27]} Rg7 {[%emt 0:01:54]} 44. Rxh4 {
[%emt 0:00:19]} Rg2+ {[%emt 0:00:09]} 45. Kf1 {[%emt 0:00:09]} Rc2 {
[%emt 0:00:29]} 46. Ke1 {[%emt 0:03:06]} Rc1+ {[%emt 0:00:18]} 47. Kd2 {
[%emt 0:00:09]} Rc2+ {[%emt 0:00:04]} 48. Kd1 {[%emt 0:00:04]} Rc3 {
[%emt 0:00:06]} 49. Rh3 {[%emt 0:06:00]} Rc2 {[%emt 0:00:14]} 50. Rh7 {
[%emt 0:01:42]} Kf6 {[%emt 0:07:28]} 51. Rh6+ {[%emt 0:00:57]} Ke5 {
[%emt 0:02:07]} 52. Ra6 {[%emt 0:00:32]} Rxc5 {[%emt 0:00:05]} 53. Rhxe6+ {
[%emt 0:00:21]} Kd5 {[%emt 0:00:04]} 54. Red6+ {[%emt 0:02:25]} Ke5 {
[%emt 0:00:13]} 55. Rh6 {[%emt 0:00:19]} Rc3 {[%emt 0:02:10]} 56. Ra5+ {
[%emt 0:00:26]} Bd5 {[%emt 0:00:09]} 57. Kd2 {[%emt 0:00:15]} Rc7 {
[%emt 0:00:24]} 58. Rh4 {[%emt 0:00:13]} Ke6 {[%emt 0:00:35]} 59. e4 {
[%emt 0:02:30]} Bxe4 {[%emt 0:03:42]} 60. Rh6+ {[%emt 0:00:06]} Kd7 {
[%emt 0:00:17]} 61. Rh7+ {[%emt 0:00:09]} Kc8 {[%emt 0:00:07]} 62. Rxc7+ {
[%emt 0:00:07]} Kxc7 {[%emt 0:00:05]} 63. Ke3 {[%emt 0:01:47]} Kb6 {
[%emt 0:01:36]} 64. Ra1 {[%emt 0:00:28]} a5 {[%emt 0:00:46]} 65. h4 {
[%emt 0:00:05]} Bd5 {[%emt 0:01:56]} 66. h5 {[%emt 0:00:05]} Bf7 {
[%emt 0:01:16]} 67. h6 {[%emt 0:00:05]} f4+ {[%emt 0:01:33]} 68. Kxf4 {
[%emt 0:00:02]} Bg6 {[%emt 0:00:06]} 69. Rg1 {[%emt 0:00:14]} Bc2 {
[%emt 0:00:17]} 70. Ke3 {[%emt 0:00:06]} Kb5 {[%emt 0:01:39]} 71. Kd2 {
[%emt 0:00:05]} Be4 {[%emt 0:01:16]} 72. Rg5+ {[%emt 0:00:07]} Kb4 {
[%emt 0:02:00]} 73. Rg4 {[%emt 0:00:04]} 1-0

[Event "33ème Open International d'Avoine"]
[Site "Avoine"]
[Date "2018.07.21"]
[Round "6.7"]
[White "Meunier-Pion, Jean"]
[Black "Ollier, Pablo"]
[Result "1/2-1/2"]
[WhiteElo "2170"]
[BlackElo "2398"]
[PlyCount "55"]
[EventDate "2018.??.??"]

1. e4 e5 2. Nf3 Nc6 3. Bb5 a6 4. Ba4 d6 5. c3 Bd7 6. Bb3 g6 7. d3 Bg7 8. Ng5
Nh6 9. O-O Qe7 10. f4 f6 11. Nf3 O-O-O 12. Kh1 Ng4 13. h3 h5 14. Nh4 Qe8 15. f5
Ne7 16. hxg4 g5 17. g3 hxg4 18. Qxg4 gxh4 19. gxh4 Bh6 20. Nd2 d5 21. Nf3 dxe4
22. dxe4 Bxc1 23. Raxc1 Bc6 24. Rcd1 Rxd1 25. Rxd1 Qh5 26. Qxh5 Rxh5 27. Be6+
Kb8 28. Re1 1/2-1/2

[Event "33ème Open International d'Avoine"]
[Site "Avoine"]
[Date "2018.07.21"]
[Round "6.8"]
[White "Manea, Alexandru"]
[Black "Gely, Yann"]
[Result "1/2-1/2"]
[WhiteElo "2394"]
[BlackElo "2162"]
[PlyCount "135"]
[EventDate "2018.??.??"]

1. d4 {[%emt 0:05:34]} Nf6 {[%emt 0:01:08]} 2. Bg5 {[%emt 0:00:45]} e6 {
[%emt 0:00:25]} 3. e4 {[%emt 0:00:10]} h6 {[%emt 0:00:21]} 4. Bxf6 {
[%emt 0:00:07]} Qxf6 {[%emt 0:00:27]} 5. Nf3 {[%emt 0:04:53]} g6 {
[%emt 0:01:41]} 6. Nbd2 {[%emt 0:01:15]} Bg7 {[%emt 0:01:59]} 7. Bd3 {
[%emt 0:00:07]} d6 {[%emt 0:00:56]} 8. h4 {[%emt 0:03:34]} Nd7 {[%emt 0:02:18]}
9. Qe2 {[%emt 0:00:37]} O-O {[%emt 0:03:25]} 10. c3 {[%emt 0:03:39]} b6 {
[%emt 0:02:15]} 11. h5 {[%emt 0:01:01]} Bb7 {[%emt 0:02:28]} 12. Ba6 {
[%emt 0:14:16]} Bxa6 {[%emt 0:01:39]} 13. Qxa6 {[%emt 0:01:14]} g5 {
[%emt 0:00:38]} 14. Qe2 {[%emt 0:01:14]} c5 {[%emt 0:01:38]} 15. Nc4 {
[%emt 0:04:38]} d5 {[%emt 0:08:28]} 16. e5 {[%emt 0:06:29]} Qe7 {[%emt 0:11:59]
} 17. Ne3 {[%emt 0:00:11]} cxd4 {[%emt 0:01:13]} 18. cxd4 {[%emt 0:00:01]} f6 {
[%emt 0:04:01]} 19. exf6 {[%emt 0:00:20]} Qb4+ {[%emt 0:04:46]} 20. Qd2 {
[%emt 0:05:09]} Qxd2+ {[%emt 0:01:49]} 21. Nxd2 {[%emt 0:00:19]} Bxf6 {
[%emt 0:04:31]} 22. Nb3 {[%emt 0:05:19]} a5 {[%emt 0:08:25]} 23. Rd1 {
[%emt 0:04:04]} a4 {[%emt 0:03:02]} 24. Nc1 {[%emt 0:00:09]} b5 {[%emt 0:00:23]
} 25. Ne2 {[%emt 0:00:12]} Nb6 {[%emt 0:00:57]} 26. Ng4 {[%emt 0:01:06]} Bg7 {
[%emt 0:02:08]} 27. Rh3 {[%emt 0:00:06]} Rac8 {[%emt 0:07:48]} 28. b3 {
[%emt 0:06:19]} Rc2 {[%emt 0:01:02]} 29. Rd2 {[%emt 0:00:08]} Rfc8 {
[%emt 0:01:00]} 30. Kd1 {[%emt 0:00:05]} R2c7 {[%emt 0:02:11]} 31. Re3 {
[%emt 0:03:46]} axb3 {[%emt 0:03:18]} 32. axb3 {[%emt 0:00:19]} Ra7 {
[%emt 0:00:47]} 33. Rc2 {[%emt 0:00:09]} Kf7 {[%emt 0:01:23]} 34. Rec3 {
[%emt 0:02:21]} Rxc3 {[%emt 0:00:57]} 35. Rxc3 {[%emt 0:00:02]} Nd7 {
[%emt 0:00:19]} 36. Kd2 {[%emt 0:06:34]} Nf6 {[%emt 0:03:48]} 37. Nxf6 {
[%emt 0:07:03]} Bxf6 {[%emt 0:00:12]} 38. Rc5 {[%emt 0:00:08]} Rb7 {
[%emt 0:02:23]} 39. Rc8 {[%emt 0:00:34]} b4 {[%emt 0:02:56]} 40. Ra8 {
[%emt 0:01:18]} Bg7 {[%emt 0:02:00]} 41. Ke3 {[%emt 0:03:50]} Rc7 {
[%emt 0:04:13]} 42. Ra4 {[%emt 0:00:38]} Bf8 {[%emt 0:00:31]} 43. Ra2 {
[%emt 0:00:32]} Bd6 {[%emt 0:02:48]} 44. Ra6 {[%emt 0:00:34]} Bf8 {
[%emt 0:00:52]} 45. Kd2 {[%emt 0:00:20]} Be7 {[%emt 0:01:29]} 46. Ra8 {
[%emt 0:01:36]} Bd6 {[%emt 0:05:52]} 47. Ra1 {[%emt 0:00:25]} Be7 {
[%emt 0:02:06]} 48. Ra6 {[%emt 0:00:22]} Bf8 {[%emt 0:00:25]} 49. Kd3 {
[%emt 0:11:43]} Be7 {[%emt 0:00:39]} 50. Ra1 {[%emt 0:00:07]} Bd6 {
[%emt 0:00:21]} 51. Ra2 {[%emt 0:00:19]} Bf8 {[%emt 0:00:42]} 52. Ra6 {
[%emt 0:00:18]} Be7 {[%emt 0:00:38]} 53. Kd2 {[%emt 0:00:11]} Bf8 {
[%emt 0:01:29]} 54. Ra2 {[%emt 0:01:05]} Bd6 {[%emt 0:00:50]} 55. Ke3 {
[%emt 0:00:03]} Be7 {[%emt 0:00:30]} 56. Kf3 {[%emt 0:00:02]} Bd6 {
[%emt 0:01:50]} 57. Kg4 {[%emt 0:01:26]} Kf6 {[%emt 0:02:07]} 58. g3 {
[%emt 0:00:33]} Rc6 {[%emt 0:03:18]} 59. f4 {[%emt 0:06:50]} gxf4 {
[%emt 0:00:33]} 60. gxf4 {[%emt 0:00:02]} Be7 {[%emt 0:01:30]} 61. Kf3 {
[%emt 0:00:11]} Bd6 {[%emt 0:00:48]} 62. Kg4 {[%emt 0:01:18]} Be7 {
[%emt 0:01:43]} 63. Kf3 {[%emt 0:03:25]} Bd6 {[%emt 0:01:43]} 64. Ra7 {
[%emt 0:01:58]} Be7 {[%emt 0:00:05]} 65. f5 {[%emt 0:00:03]} exf5 {
[%emt 0:00:21]} 66. Nf4 {[%emt 0:00:02]} Rc3+ 67. Ke2 {[%emt 0:00:03]} Rc6 {
[%emt 0:00:21]} 68. Kf3 {[%emt 0:00:02]} 1/2-1/2

[Event "33ème Open International d'Avoine"]
[Site "Avoine"]
[Date "2018.07.21"]
[Round "6.9"]
[White "Shirazi, Kamran"]
[Black "Midy, Robin"]
[Result "1-0"]
[WhiteElo "2330"]
[BlackElo "2148"]
[PlyCount "79"]
[EventDate "2018.??.??"]

1. d4 {[%emt 0:00:16]} g6 {[%emt 0:02:49]} 2. Nc3 {[%emt 0:02:28]} Bg7 {
[%emt 0:00:21]} 3. e4 {[%emt 0:00:32]} c5 {[%emt 0:11:02]} 4. dxc5 {
[%emt 0:06:07]} Qa5 {[%emt 0:06:26]} 5. Nge2 {[%emt 0:00:19]} Nf6 {
[%emt 0:13:42]} 6. Qd3 {[%emt 0:08:36]} Na6 {[%emt 0:11:35]} 7. e5 {
[%emt 0:22:30]} Ng4 {[%emt 0:04:25]} 8. f4 {[%emt 0:00:05]} Nb4 {[%emt 0:16:27]
} 9. Qd2 {[%emt 0:10:09]} Qxc5 {[%emt 0:02:41]} 10. a3 {[%emt 0:00:18]} Qf2+ {
[%emt 0:06:02]} 11. Kd1 {[%emt 0:00:04]} Nc6 {[%emt 0:02:34]} 12. h3 {
[%emt 0:03:16]} Nh6 {[%emt 0:00:34]} 13. Qe3 {[%emt 0:08:23]} Qxe3 {
[%emt 0:00:46]} 14. Bxe3 {[%emt 0:00:12]} Nf5 {[%emt 0:00:33]} 15. Bf2 {
[%emt 0:00:04]} h5 {[%emt 0:01:06]} 16. Nb5 {[%emt 0:05:54]} O-O {
[%emt 0:02:15]} 17. g4 {[%emt 0:03:41]} hxg4 {[%emt 0:03:10]} 18. hxg4 {
[%emt 0:00:03]} Nh6 {[%emt 0:00:07]} 19. g5 {[%emt 0:04:02]} Nf5 {
[%emt 0:02:34]} 20. c3 {[%emt 0:02:17]} d6 {[%emt 0:09:12]} 21. exd6 {
[%emt 0:00:07]} Nxd6 {[%emt 0:01:09]} 22. Nxd6 {[%emt 0:00:38]} Rd8 {
[%emt 0:01:12]} 23. Bc5 {[%emt 0:05:49]} b6 {[%emt 0:06:20]} 24. Kc2 {
[%emt 0:00:47]} exd6 {[%emt 0:04:17]} 25. Bf2 {[%emt 0:07:46]} Bf5+ {
[%emt 0:00:04]} 26. Kd2 {[%emt 0:00:06]} Na5 {[%emt 0:00:51]} 27. Re1 {
[%emt 0:01:04]} Nb3+ {[%emt 0:00:31]} 28. Kd1 {[%emt 0:00:03]} d5 {
[%emt 0:01:01]} 29. Ng3 {[%emt 0:01:07]} Be6 {[%emt 0:00:37]} 30. Bh3 {
[%emt 0:00:28]} Bxh3 {[%emt 0:00:25]} 31. Rxh3 {[%emt 0:00:01]} Rac8 {
[%emt 0:00:37]} 32. Kc2 {[%emt 0:01:16]} Nc5 {[%emt 0:00:28]} 33. Bxc5 {
[%emt 0:00:23]} Rxc5 {[%emt 0:00:24]} 34. f5 {[%emt 0:00:24]} gxf5 {
[%emt 0:00:24]} 35. Nxf5 {[%emt 0:00:13]} d4 {[%emt 0:00:16]} 36. Rf3 {
[%emt 0:05:40]} Rc7 {[%emt 0:00:53]} 37. g6 {[%emt 0:00:33]} fxg6 {
[%emt 0:00:36]} 38. Ne7+ {[%emt 0:00:08]} Kh7 {[%emt 0:00:29]} 39. Rh1+ {
[%emt 0:00:06]} Bh6 {[%emt 0:00:22]} 40. Rf7+ {[%emt 0:00:06]} 1-0

[Event "33ème Open International d'Avoine"]
[Site "Avoine"]
[Date "2018.07.21"]
[Round "6.10"]
[White "Bouget, Alexandre"]
[Black "Viers, Emmanuel"]
[Result "1/2-1/2"]
[WhiteElo "2282"]
[BlackElo "2126"]
[PlyCount "52"]
[EventDate "2018.??.??"]

1. d4 {[%emt 0:00:03]} d5 {[%emt 0:08:24]} 2. c4 {[%emt 0:00:17]} c6 {
[%emt 0:00:06]} 3. Nf3 {[%emt 0:00:12]} Nf6 {[%emt 0:00:04]} 4. Nc3 {
[%emt 0:00:07]} e6 {[%emt 0:00:05]} 5. e3 {[%emt 0:00:57]} Be7 {[%emt 0:01:19]}
6. Bd3 {[%emt 0:00:22]} dxc4 {[%emt 0:07:58]} 7. Bxc4 {[%emt 0:00:05]} O-O {
[%emt 0:00:25]} 8. O-O {[%emt 0:00:09]} c5 {[%emt 0:04:57]} 9. Qe2 {
[%emt 0:05:35]} a6 {[%emt 0:03:33]} 10. Rd1 {[%emt 0:05:35]} b5 {[%emt 0:06:12]
} 11. dxc5 {[%emt 0:01:35]} Qc7 {[%emt 0:00:49]} 12. Bd3 {[%emt 0:01:18]} Bxc5
{[%emt 0:12:39]} 13. Ne4 {[%emt 0:00:24]} Be7 {[%emt 0:00:57]} 14. Nxf6+ {
[%emt 0:22:23]} Bxf6 {[%emt 0:03:41]} 15. Bd2 {[%emt 0:00:03]} Bb7 {
[%emt 0:12:48]} 16. Bc3 {[%emt 0:20:35]} Qe7 {[%emt 0:09:54]} 17. Ne5 {
[%emt 0:03:20]} b4 {[%emt 0:05:04]} 18. Bd4 {[%emt 0:03:29]} Nc6 {
[%emt 0:00:22]} 19. Nxc6 {[%emt 0:03:35]} Bxc6 {[%emt 0:01:05]} 20. Rac1 {
[%emt 0:10:25]} Bxd4 {[%emt 0:03:14]} 21. Rxc6 {[%emt 0:00:16]} Bf6 {
[%emt 0:01:32]} 22. Rxa6 {[%emt 0:02:20]} Rxa6 {[%emt 0:00:49]} 23. Bxa6 {
[%emt 0:00:01]} Ra8 {[%emt 0:00:27]} 24. e4 {[%emt 0:05:41]} Bxb2 {
[%emt 0:02:12]} 25. Bc4 {[%emt 0:00:51]} Bf6 {[%emt 0:01:46]} 26. Ba6 {
[%emt 0:00:55]} Bb2 1/2-1/2

[Event "33ème Open International d'Avoine"]
[Site "Avoine"]
[Date "2018.07.21"]
[Round "6.11"]
[White "Rubino, William"]
[Black "Malassagne, Raphael"]
[Result "1/2-1/2"]
[WhiteElo "2106"]
[BlackElo "2275"]
[PlyCount "56"]
[EventDate "2018.??.??"]

1. e4 c6 2. d4 d5 3. e5 c5 4. Nf3 cxd4 5. Qxd4 e6 6. Bf4 Ne7 7. c4 Nbc6 8. Qd2
Ng6 9. cxd5 Bb4 10. Nc3 exd5 11. Bb5 O-O 12. Bxc6 bxc6 13. O-O c5 14. a3 Bxc3
15. bxc3 Qa5 16. Bg3 Rd8 17. Qe3 Be6 18. Ng5 Ne7 19. Nxe6 fxe6 20. Bh4 Rd7 21.
Bxe7 Rxe7 22. f4 Rb8 23. f5 exf5 24. Rxf5 Rd8 25. Raf1 h6 26. Qf3 Qc7 27. Rf8+
Rxf8 28. Qxf8+ Kh7 1/2-1/2

[Event "33ème Open International d'Avoine"]
[Site "Avoine"]
[Date "2018.07.21"]
[Round "6.12"]
[White "Droin, Augustin"]
[Black "Gao, Etienne"]
[Result "1/2-1/2"]
[WhiteElo "2095"]
[BlackElo "2249"]
[PlyCount "106"]
[EventDate "2018.??.??"]

1. e4 c5 2. Nf3 d6 3. d4 cxd4 4. Nxd4 Nf6 5. Nc3 a6 6. Bg5 e6 7. f4 Be7 8. Qf3
Qc7 9. O-O-O Nbd7 10. Rd2 b5 11. e5 Bb7 12. exf6 Bxf3 13. fxe7 Bd5 14. Nxd5
exd5 15. Nf5 f6 16. Bh4 Kf7 17. Be2 g6 18. Ne3 Nb6 19. Bf3 Rac8 20. Re1 h6 21.
f5 g5 22. Bf2 Kg7 23. Nxd5 Nxd5 24. Bxd5 Rhe8 25. Rde2 Qa5 26. Re6 b4 27. Be4
b3 28. axb3 Qa1+ 29. Kd2 Qxb2 30. Bd3 Rc7 31. R1e4 Qc3+ 32. Ke2 d5 33. Bd4 dxe4
34. Bxc3 Rxc3 35. Kd2 Rc7 36. Rxe4 a5 37. Bc4 Rexe7 38. Be6 Rc5 39. c4 h5 40.
h3 Rb7 41. Kc3 Kf8 42. Re3 Rcc7 43. Kd4 Rb4 44. Kd5 a4 45. Kd6 axb3 46. Kxc7 b2
47. Re1 b1=Q 48. Rxb1 Rxb1 49. Kd7 Rb7+ 50. Kd6 Rb6+ 51. Kd7 Rb7+ 52. Kd6 Rb6+
53. Kd7 Rb7+ 1/2-1/2

[Event "33ème Open International d'Avoine"]
[Site "Avoine"]
[Date "2018.07.21"]
[Round "6.13"]
[White "Cau, Benjamin"]
[Black "Real, Thibault"]
[Result "1-0"]
[WhiteElo "2093"]
[BlackElo "2246"]
[PlyCount "59"]
[EventDate "2018.??.??"]

1. e4 c5 2. c3 Nf6 3. e5 Nd5 4. d4 cxd4 5. cxd4 d6 6. Nf3 e6 7. Nc3 Nc6 8. Bd3
dxe5 9. dxe5 Nxc3 10. bxc3 Be7 11. O-O Qc7 12. Qe2 b6 13. Re1 Bb7 14. Ng5 h6
15. Qh5 Bxg5 16. Bxg5 Na5 17. Rad1 Bd5 18. f4 Nc4 19. f5 Nxe5 20. fxe6 O-O 21.
e7 Rfe8 22. Bb1 Ng6 23. Rxd5 hxg5 24. Bxg6 fxg6 25. Qxg5 Qxc3 26. Red1 Rac8 27.
Rd8 Kf7 28. Qd5+ Kxe7 29. Rd7+ Kf6 30. Rf7# 1-0

[Event "33ème Open International d'Avoine"]
[Site "Avoine"]
[Date "2018.07.21"]
[Round "6.14"]
[White "Le, Quan Anh"]
[Black "Devallee, Jeremie"]
[Result "1/2-1/2"]
[WhiteElo "2068"]
[BlackElo "2230"]
[PlyCount "131"]
[EventDate "2018.??.??"]

1. e4 c5 2. Nf3 d6 3. d4 cxd4 4. Nxd4 Nf6 5. Nc3 g6 6. g3 Bg7 7. Bg2 Nc6 8.
Nde2 O-O 9. O-O Rb8 10. a4 a6 11. h3 b5 12. axb5 axb5 13. Bg5 Re8 14. Qc1 Be6
15. Rd1 Nd7 16. Nd5 Nb6 17. Be3 Nc4 18. Nd4 Bxd5 19. exd5 Nxd4 20. Bxd4 Ra8 21.
Bxg7 Kxg7 22. b3 Ne5 23. Rxa8 Qxa8 24. Qe3 Nd7 25. Qd3 Qa5 26. Qd4+ Kg8 27. Ra1
Qc7 28. Ra7 Qc5 29. Qxc5 Nxc5 30. Bf1 b4 31. Bb5 Rb8 32. Bc6 Kf8 33. f3 Rb6 34.
Kf2 h5 35. Ke3 g5 36. f4 gxf4+ 37. Kxf4 Ne6+ 38. Ke3 Ng5 39. h4 Nh7 40. Kf4 Nf6
41. Ra8+ Kg7 42. Rc8 Kg6 43. Rd8 Ra6 44. Rb8 Ra2 45. Rxb4 Rxc2 46. Rc4 Rb2 47.
Rc3 Rd2 48. Re3 Nxd5+ 49. Bxd5 e5+ 50. Rxe5 dxe5+ 51. Kxe5 f6+ 52. Kd6 Kf5 53.
Kc5 Kg4 54. b4 Kxg3 55. b5 f5 56. b6 f4 57. b7 Rb2 58. Bc6 Rxb7 59. Bxb7 Kxh4
60. Bf3 Kg5 61. Kd4 h4 62. Kd3 h3 63. Ke2 h2 64. Kf2 h1=Q 65. Bxh1 f3 66. Bxf3
1/2-1/2

[Event "33ème Open International d'Avoine"]
[Site "Avoine"]
[Date "2018.07.21"]
[Round "6.15"]
[White "Najart, David"]
[Black "Budak, Rewi"]
[Result "1-0"]
[WhiteElo "2230"]
[BlackElo "2075"]
[PlyCount "61"]
[EventDate "2018.??.??"]

1. c4 c5 2. Nf3 e6 3. Nc3 Nf6 4. g3 d5 5. cxd5 exd5 6. d4 Nc6 7. Bg2 h6 8. O-O
Be6 9. b3 Rc8 10. Bb2 b6 11. e3 Bd6 12. Rc1 O-O 13. dxc5 bxc5 14. Na4 Qe7 15.
Bxf6 Qxf6 16. Nxc5 Bg4 17. Nd3 Ba3 18. Rc2 Rfe8 19. h3 Bh5 20. Nf4 Bxf3 21.
Bxf3 Ne5 22. Bg2 Rcd8 23. Rd2 d4 24. Rxd4 Bc5 25. Nd5 Qg6 26. Rd2 Bf8 27. Qb1
Qh5 28. f4 Bc5 29. Qd1 Qg6 30. fxe5 Kh8 31. Kh2 1-0

[Event "33ème Open International d'Avoine"]
[Site "Avoine"]
[Date "2018.07.21"]
[Round "6.16"]
[White "Dutreuil, Raphael"]
[Black "Weibel, Theo"]
[Result "1-0"]
[WhiteElo "2200"]
[BlackElo "1964"]
[PlyCount "43"]
[EventDate "2018.??.??"]

1. d4 Nf6 2. c4 g6 3. Nc3 d5 4. Nf3 Bg7 5. Qb3 c6 6. cxd5 cxd5 7. Bg5 Nc6 8. e3
O-O 9. Be2 Na5 10. Qd1 Be6 11. O-O Rc8 12. Nd2 Ne8 13. Qa4 Nc6 14. Nb3 Qb6 15.
Nc5 Nc7 16. Rfc1 Rfd8 17. Qd1 a6 18. Qb3 Qxb3 19. axb3 Rb8 20. Bf4 Rdc8 21.
N3a4 b5 22. Bxc7 1-0